Woodcarving in the Himalayan region / (Record no. 4355)
[ view plain ]
| 000 -LEADER | |
|---|---|
| fixed length control field | 00575 a2200169 4500 |
| 010 ## - LCCN (DPL NO) | |
| LC control number | ENG-86165 |
| 020 ## - INTERNATIONAL STANDARD BOOK NUMBER | |
| International Standard Book Number | 8173871957 |
| Terms of availability | 1250.00 |
| 035 ## - SYSTEM CONTROL NUMBER | |
| System control number | EN-69698 |
| 037 ## - SOURCE OF ACQUISITION | |
| Source of stock number/acquisition | DBAD / PUB |
| 082 14 - DEWEY DECIMAL CLASSIFICATION NUMBER | |
| Classification number | 736.4 |
| 100 1# - MAIN ENTRY--PERSONAL NAME | |
| Personal name | Handa, O. C. |
| 245 1# - TITLE STATEMENT | |
| Title | Woodcarving in the Himalayan region / |
| Statement of responsibility, etc | by O. C. Handa |
| 260 ## - PUBLICATION, DISTRIBUTION, ETC. (IMPRINT) | |
| Place of publication, distribution, etc | New Delhi |
| Name of publisher, distributor, etc | Indus Publishing |
| Date of publication, distribution, etc | 2006 |
| 270 ## - ADDRESS | |
| Address | FS-5, Tagore Garden |
| City | New Delhi |
| Postal code | 110027 |
| Telephone number | 011-42133022, 011-42133622 |
| Electronic mail address | indus@indus-publishing.com |
| 300 ## - PHYSICAL DESCRIPTION | |
| Extent | 240 p. |
| Dimensions | 22cm. (Hb.) |
| Other physical details | 19 sketches and 122 plates |
| 942 ## - ADDED ENTRY ELEMENTS (KOHA) | |
| Institution code [OBSOLETE] | dpl |
| Item type | English Books |
| Source of classification or shelving scheme | Dewey Decimal Classification |
| Classification part | 736.4 |
| Call number suffix | HAN |
| Withdrawn status | Lost status | Not for loan | Collection code | Home library | Current library | Source of acquisition | Cost, normal purchase price | Full call number | Barcode | Copy number | Cost, replacement price | Koha item type |
|---|---|---|---|---|---|---|---|---|---|---|---|---|
| Not For Loan | Non-fiction | D.B.Act.Division | D.B.Act.Division | DBAD/PUB | 1250.00 | 736.4 HAN | EN-69698 | 1 | 1250.00 | English Books |
